Countries That Start With B - Statistics

General Stats
  • This quiz has been taken 17 times
  • The average score is 15 of 17
Answer Stats
Hint Answer % Correct
South America Bolivia
100%
South America Brazil
100%
North America Bahamas
93%
Europe Belarus
93%
Europe Belgium
93%
North America Belize
93%
Asia Bhutan
93%
Europe Bulgaria
93%
Asia Bahrain
87%
North America Barbados
87%
Africa Benin
87%
Asia Bangladesh
80%
North America Botswana
80%
Europe Bosnia and Herzegovina
73%
Africa Burkina Faso
73%
Africa Burundi
73%
Asia Brunei
67%
No matching quizzes found
Score Distribution
Percent of People with Each Score
Percentile by Number Answered
Your Score History
You have not taken this quiz